小資男的必比登之旅 / (Record no. 7654)
[ view plain ]
| 000 -LEADER | |
|---|---|
| fixed length control field | 00711cam a2200265 4500 |
| 001 - CONTROL NUMBER | |
| control field | 2507287 |
| 003 - CONTROL NUMBER IDENTIFIER | |
| control field | YEEZEN |
| 005 - DATE AND TIME OF LATEST TRANSACTION | |
| control field | 20250711132818.0 |
| 008 - FIXED-LENGTH DATA ELEMENTS--GENERAL INFORMATION | |
| fixed length control field | 240821s2024 ch ac e 000 0 chi d |
| 020 ## - INTERNATIONAL STANDARD BOOK NUMBER | |
| International Standard Book Number | 9786263643307 |
| Qualifying information | (平裝) : |
| Terms of availability | 新臺幣450元 |
| 040 ## - CATALOGING SOURCE | |
| Original cataloging agency | SAN |
| Language of cataloging | chi |
| Transcribing agency | 桃市圖 |
| Description conventions | CCR |
| 041 0# - LANGUAGE CODE | |
| Language code of text/sound track or separate title | chi |
| 042 ## - AUTHENTICATION CODE | |
| Authentication code | nbic |
| 084 ## - OTHER CLASSIFICATION NUMBER | |
| Classification number | 483.8 |
| Number source | ncsclt |
| 090 ## - LOCALLY ASSIGNED LC-TYPE CALL NUMBER (OCLC); LOCAL CALL NUMBER (RLIN) | |
| Classification number (OCLC) (R) ; Classification number, CALL (RLIN) (NR) | 483.8 |
| 100 1# - MAIN ENTRY--PERSONAL NAME | |
| Personal name | 童榮地 |
| Relator term | 著 |
| 245 10 - TITLE STATEMENT | |
| Title | 小資男的必比登之旅 / |
| Statement of responsibility, etc. | 童榮地著 |
| 250 ## - EDITION STATEMENT | |
| Edition statement | 初版 |
| 260 ## - PUBLICATION, DISTRIBUTION, ETC. | |
| Place of publication, distribution, etc. | 臺中市 : |
| Name of publisher, distributor, etc. | 白象文化, |
| Date of publication, distribution, etc. | 2024.06 |
| 300 ## - PHYSICAL DESCRIPTION | |
| Extent | 123面 : |
| Other physical details | 彩圖, 彩像 ; |
| Dimensions | 21公分 |
| 650 #7 - SUBJECT ADDED ENTRY--TOPICAL TERM | |
| Topical term or geographic name entry element | 餐飲業 |
| Source of heading or term | lcstt. |
| 650 #7 - SUBJECT ADDED ENTRY--TOPICAL TERM | |
| Topical term or geographic name entry element | 餐廳 |
| Source of heading or term | lcstt. |
| 651 #7 - SUBJECT ADDED ENTRY--GEOGRAPHIC NAME | |
| Geographic name | 臺北市 |
| Source of heading or term | lcstt. |
| 942 ## - ADDED ENTRY ELEMENTS (KOHA) | |
| Source of classification or shelving scheme | 中文圖書分類法 |
| Koha item type | 一般圖書 |
| 撤銷狀態 | 遺失狀態 | 分類號來源 | 損壞狀態 | 不外借 | 永久館藏地 | 現在館藏地 | 書架位置 | 採購日期 | 全部借出 | 全部續借 | 完整索書號 | 條碼號 | 最後一次日期記錄 | Date last checked out | 一般價格有效日期 | Koha館藏類型 | 公開資訊 |
|---|---|---|---|---|---|---|---|---|---|---|---|---|---|---|---|---|---|
| 未註銷館藏 | 未遺失 | 中文圖書分類法 | 未損毀 | 可外借 | 怡仁綜合醫院圖書館 | 怡仁綜合醫院圖書館 | 2025-07-11 | 2 | 1 | 483.8 | C03243 | 2025-09-05 | 2025-08-18 | 2025-07-11 | 一般圖書 | 看到必比登推介的標誌,就可以安心消費, 不會像星級餐廳一樣,一頓餐費就讓人痛徹心扉, 在絕大多數的情況下,一張小朋友就能解決。 台灣有數十萬餐飲相關店家,能夠登上米其林指南的不過數百家, 說是千中選一甚至萬中選一都不為過。 米其林指南上的店家,幾乎多是揚名數十年的在地老店, 口味早已經過多方認證,米其林指南只不過是錦上添花, 讓其名聲登上國際舞台而已。 盛名之下無虛士,美食愛好者或是精打細算的吃貨, 絕對不能錯過這些餐廳。 |